|
|
|
|
| LEADER |
01586nam a2200385Ia 4500 |
| 001 |
EBC459407 |
| 003 |
MiAaPQ |
| 005 |
20200520144314.0 |
| 006 |
m o d | |
| 007 |
cr cn||||||||| |
| 008 |
071123s2007 dcua sb i000 0 eng d |
| 020 |
|
|
|z 9780821372647
|
| 020 |
|
|
|z 0821372645
|
| 035 |
|
|
|a (MiAaPQ)EBC459407
|
| 035 |
|
|
|a (Au-PeEL)EBL459407
|
| 035 |
|
|
|a (CaPaEBR)ebr10202647
|
| 035 |
|
|
|a (CaONFJC)MIL111324
|
| 035 |
|
|
|a (OCoLC)935270844
|
| 040 |
|
|
|a MiAaPQ
|c MiAaPQ
|d MiAaPQ
|
| 050 |
|
4 |
|a HG3881.5.I56
|b I534 2007
|
| 245 |
0 |
0 |
|a Independent evaluation of IFC's development results 2007
|h [electronic resource] :
|b lessons and implications from 10 years of experience /
|c Independent Evaluation Group.
|
| 260 |
|
|
|a Washington, D.C. :
|b International Finance Corp.,
|c 2007.
|
| 300 |
|
|
|a xlii, 72 p. :
|b ill.
|
| 500 |
|
|
|a "This report was prepared by a team led by Dan Crabtree and Hiroyuki Hatashima"--P. ix.
|
| 504 |
|
|
|a Includes bibliographical references.
|
| 533 |
|
|
|a Electronic reproduction. Ann Arbor, MI : ProQuest, 2015. Available via World Wide Web. Access may be limited to ProQuest affiliated libraries.
|
| 610 |
2 |
0 |
|a International Finance Corporation.
|
| 650 |
|
0 |
|a Economic development projects
|x Evaluation.
|
| 655 |
|
4 |
|a Electronic books.
|
| 700 |
1 |
|
|a Crabtree, Dan.
|
| 700 |
1 |
|
|a Hatashima, Hiroyuki.
|
| 710 |
2 |
|
|a World Bank.
|b Independent Evaluation Group.
|
| 710 |
2 |
|
|a International Finance Corporation.
|
| 710 |
2 |
|
|a ProQuest (Firm)
|
| 856 |
4 |
0 |
|u https://ebookcentral.proquest.com/lib/matrademy/detail.action?docID=459407
|z Click to View
|